Statistics for Countries with North Korean embassies

Click here to take the quiz!

General Stats

  • This quiz has been taken 31 times
    (19 since last reset)
  • The average score is 34 of 48

Answer Stats

Continent Country % Correct
AsiaChina
100%
Asia/ EuropeRussia
100%
North AmericaCuba
94%
AsiaIran
94%
North AmericaMexico
89%
AfricaEgypt
89%
AsiaIndia
89%
AsiaIndonesia
89%
EuropeGermany
89%
EuropeUnited Kingdom
89%
South AmericaVenezuela
89%
AfricaAlgeria
83%
EuropeSweden
83%
South AmericaBrazil
83%
EuropeSwitzerland
83%
AsiaCambodia
78%
AfricaSouth Africa
78%
AsiaMalaysia
78%
AsiaThailand
78%
EuropeSpain
78%
AsiaVietnam
78%
AsiaYemen
72%
AsiaMongolia
72%
AsiaSingapore
72%
South AmericaColombia
72%
EuropeCzech Republic
72%
AsiaLaos
72%
AsiaPakistan
67%
AfricaNigeria
67%
AfricaLibya
67%
AsiaBangladesh
61%
AfricaEthiopia
61%
AfricaTanzania
61%
EuropeBulgaria
61%
AfricaUganda
61%
EuropeItaly
61%
EuropePoland
61%
South AmericaPeru
61%
EuropeAustria
61%
EuropeRomania
61%
AsiaMyanmar
56%
EuropeBelarus
56%
AsiaSyria
56%
AfricaGhana
50%
AsiaKuwait
50%
AsiaNepal
50%
AfricaGuinea
33%
AfricaEquatorial Guinea
22%

Score Distribution

Percentile by Number Answered

Percent of People with Each Score

Your Score History

You have not taken this quiz since the last reset